[Event "HUN-chT2 Barcza 1617"]
[Site "Hungary"]
[Date "2016.09.25"]
[Round "1.9"]
[White "Marton, Lajos"]
[Black "Saller, Imre"]
[Result "1/2-1/2"]
[WhiteElo "1756"]
[BlackElo "1807"]
[PlyCount "30"]
[EventDate "2016.09.25"]
[EventType "team-tourn"]
[EventRounds "11"]
[EventCountry "HUN"]
[SourceTitle "EXT 2021"]
[Source "ChessBase"]
[SourceDate "2020.10.23"]
[SourceVersion "1"]
[SourceVersionDate "2020.10.23"]
[SourceQuality "1"]
[WhiteTeam "Sajobabony"]
[BlackTeam "Hajduszoboszlo"]
[WhiteTeamCountry "HUN"]
[BlackTeamCountry "HUN"]

1. e4 c6 2. d4 d5 3. e5 Bf5 4. Bd3 Bxd3 5. Qxd3 e6 6. f4 Bb4+ 7. Bd2 Bxd2+ 8. Nxd2 Nd7 9. Nb3 Nh6 10. Ne2 Nf5 11. 0-0 0-0 12. Ng3 Nxg3 13. Qxg3 Qe7 14. Qc3 a5 15. Nd2 g6 1/2-1/2

[Event "HUN-chT2 Barcza 1011"]
[Site "Hungary"]
[Date "2011.03.27"]
[Round "7.12"]
[White "Lovas, David"]
[Black "Marton, Lajos"]
[Result "1-0"]
[WhiteElo "1748"]
[BlackElo "1725"]
[PlyCount "75"]
[EventDate "2010.09.12"]
[EventType "team-tourn"]
[EventRounds "11"]
[EventCountry "HUN"]
[SourceTitle "EXT 2012"]
[Source "ChessBase"]
[SourceDate "2011.11.24"]
[SourceVersion "1"]
[SourceVersionDate "2011.11.24"]
[SourceQuality "1"]
[WhiteTeam "Hajduszoboszlo"]
[BlackTeam "Sajoszentpeter"]
[WhiteTeamCountry "HUN"]
[BlackTeamCountry "HUN"]

1. e4 c6 2. Nc3 e6 3. d4 d5 4. exd5 exd5 5. Nf3 Bf5 6. Be2 Bd6 7. 0-0 Ne7 8. Re1 0-0 9. Nh4 Bg6 10. Bd3 Qc7 11. g3 Nd7 12. Bg5 Rae8 13. Nxg6 Nxg6 14. Qg4 Nf6 15. Bxf6 gxf6 16. h4 Qc8 17. Bf5 Qc7 18. h5 Kg7 19. hxg6 fxg6 20. Bd3 f5 21. Qh4 Be7 22. Qh3 Qb6 23. Ne2 Bd6 24. Kg2 Rf7 25. b3 Qc7 26. Rh1 Kg8 27. Ng1 c5 28. dxc5 Bxc5 29. Nf3 Be7 30. Rae1 Ref8 31. Ne5 Rg7 32. Nf3 Bf6 33. Re2 a6 34. Rd1 b5 35. Re6 Qb7 36. Rde1 d4 37. Qh1 Rd8 38. Rxf6 1-0

[Event "HUN-chT2 Barcza 0910"]
[Site "Hungary"]
[Date "2010.04.18"]
[Round "10.12"]
[White "Marton, Lajos"]
[Black "Nemeti, Kornel"]
[Result "1-0"]
[WhiteElo "1752"]
[BlackElo "1616"]
[PlyCount "93"]
[EventDate "2009.11.08"]
[EventType "team-tourn"]
[EventRounds "11"]
[EventCountry "HUN"]
[SourceTitle "EXT 2011"]
[Source "ChessBase"]
[SourceDate "2010.11.26"]
[SourceVersion "1"]
[SourceVersionDate "2010.11.26"]
[SourceQuality "1"]
[WhiteTeam "SSASSE"]
[BlackTeam "Debrecen Betu"]
[WhiteTeamCountry "HUN"]
[BlackTeamCountry "HUN"]

1. e4 c5 2. f4 Nc6 3. Nf3 d6 4. Be2 g6 5. 0-0 Bg7 6. Nc3 Nf6 7. d3 0-0 8. Bd2 a6 9. Rb1 b5 10. Qc1 b4 11. Nd1 Bb7 12. Nf2 a5 13. c3 Qb6 14. g4 a4 15. h4 Na5 16. c4 b3 17. a3 Nc6 18. Bc3 Qc7 19. Qe3 Qd7 20. Nh2 Ne8 21. Bxg7 Nxg7 22. Nf3 Ne6 23. f5 Ned4 24. Bd1 Kg7 25. Nh3 Nxf3+ 26. Rxf3 Nd4 27. Rg3 Rg8 28. Nf4 gxf5 29. exf5 Kh8 30. Ne2 Nxe2+ 31. Bxe2 Rg7 32. Kh2 Rag8 33. Rbg1 Qc7 34. Qf4 Qd7 35. d4 cxd4 36. Qxd4 Qc6 37. Re3 f6 38. Kh3 h5 39. g5 fxg5 40. hxg5 Kh7 41. g6+ Kh8 42. Rxe7 Ba8 43. Rxg7 Rxg7 44. Bxh5 Kg8 45. f6 Rc7 46. f7+ Kf8 47. g7+ 1-0